Departments of France and their capitals / Départements français et leurs capitales #6 - Statistics

General Stats
  • This quiz has been taken 265 times
  • The average score is 10 of 15
Answer Stats
Hint Answer % Correct
Territoire de Belfort Belfort
88%
Yvelines Versailles
83%
Seine Maritime Rouen
79%
Var Toulon
79%
Somme Amiens
76%
Vaucluse Avignon
73%
Yonne Auxerre
72%
Vienne Poitiers
71%
Vendée La Roche sur Yon
68%
Haute Vienne Limoges
65%
Vosges Epinal
62%
Deux Sèvres Niort
62%
Seine et Marne Melun
61%
Tarn Albi
58%
Tarn et Garonne Montauban
53%
No matching quizzes found
Score Distribution
Percent of People with Each Score
Percentile by Number Answered
Your Score History
You have not taken this quiz